European progress in spatial analysis

Αποθηκεύτηκε σε:
Λεπτομέρειες βιβλιογραφικής εγγραφής
Συγγραφή απο Οργανισμό/Αρχή: European Conference on "Theoretical and Quantitative Geography"
Άλλοι συγγραφείς: Bennett, Robert John (Επιμελητής έκδοσης)
Μορφή: Βιβλίο
Γλώσσα:English
Δημοσίευση: London : Pion, c1981.
Θέματα:
Ετικέτες: Προσθήκη ετικέτας
Δεν υπάρχουν, Καταχωρήστε ετικέτα πρώτοι!

MARC

LEADER 00000cam a2200000 i 4500
001 1/100181
008 000131s1981 eng d
020 |a 0-85086-091-1 
035 |l 10057177 
040 |a GR-MY-UA  |b gre  |e aacr 
041 0 |a eng 
082 0 |a 910.0151 
245 1 0 |a European progress in spatial analysis /  |c edited by R. J. Bennett.  
260 |a London :   |b Pion,   |c c1981.  
300 |a 305 σ. :   |b εικ. ;   |c 24 εκ.  
500 |a Papers first presented at the 2nd European Conference on "Theoretical and Quantitative Geography" held in Cambridge in 1980, together with several new chapters 
504 |a Περιλαμβάνει βιβλιογραφία.  
650 0 0 |a Geography  |x Mathematics  |x Congresses. 
650 0 0 |a Spatial analysis (Statistics)  |x Congresses. 
700 1 |a Bennett, Robert John,  |e edt 
710 2 |a European Conference on "Theoretical and Quantitative Geography". 
852 |a INST  |b LESVOS  |e 20000131  |h 910.0151 EUR  |p 005100021589  |q 005100021589  |t BK  |y 0 
901 |a BIBL1-2000-1 
909 |a Λ  |b 073339 
922 |a 1ΕΛΗ  |b 200001  |c ΚΠΣ/ΤΓ  |d LEADER 
950 |a 118-1999-09-03 
970 |a ΤΖΑΦΕΡΗ  |b ΕΥΑΓΓΕΛΙΑ  |z 2000/02/14